Audi Car Models - Statistics

General Stats
  • This quiz has been taken 171 times
    167 since last reset
  • The average score is 20 of 42
Answer Stats
Picture Answer % Correct
R8
73%
A1
66%
A3
64%
RS6
61%
Q7
59%
Q3
58%
S1
57%
TTRS
57%
A2
56%
A8
56%
A5
54%
A6
54%
A7
54%
Q5
53%
RS5
53%
RS7
53%
S3
53%
RS3
52%
TT
52%
TTS
50%
A4
49%
Quattro
49%
S7
49%
RS4
48%
Q8
47%
Q2
46%
S4
44%
S6
44%
S5
40%
S8
40%
SQ7
40%
RS2
38%
RS Etron Gt
38%
RS Q8
38%
SQ8
38%
RS Q3
36%
SQ2
35%
Q4
33%
SQ5
30%
Q6
28%
SQ6
18%
S2
12%
No matching quizzes found
Score Distribution
Percent of People with Each Score
Percentile by Number Answered
Your Score History
You have not taken this quiz since the last reset